000
00506nam a2200169Ia 4500
008
090711s9999 xx 000 0 und d
082
_b
46167
100
_a
तडवी शांतादेवी
245
_a
संधिप्रकाश
260
_c
1982
300
_a
349
600
_a
तडवी शांतादेवी
630
_a
संधिप्रकाश
700
_a
तडवी शांतादेवी
730
_a
संधिप्रकाश
942
_c
BOOK
999
_c
318772
_d
318772